[Event "HUN-chT2 Szechenyi 1819"]
[Site "Hungary"]
[Date "2019.04.28"]
[Round "9.2"]
[White "Hegedus, Gyula"]
[Black "Barasits, Balint"]
[Result "1-0"]
[WhiteElo "2017"]
[BlackElo "1984"]
[PlyCount "89"]
[EventDate "2018.10.28"]
[EventType "team-tourn"]
[EventRounds "9"]
[EventCountry "HUN"]
[SourceTitle "EXT 2021"]
[Source "ChessBase"]
[SourceDate "2020.10.23"]
[SourceVersion "1"]
[SourceVersionDate "2020.10.23"]
[SourceQuality "1"]
[WhiteTeam "Veszprem Ezust Huszar"]
[BlackTeam "Arboretum"]
[WhiteTeamCountry "HUN"]
[BlackTeamCountry "HUN"]

1. e4 e5 2. Nf3 Nf6 3. Nxe5 d6 4. Nf3 Nxe4 5. Nc3 Nxc3 6. dxc3 Be7 7. Be3 b6 8. Qd5 c6 9. Qd2 Nd7 10. Nd4 Nb8 11. 0-0-0 0-0 12. Bd3 Bf6 13. h3 Bb7 14. Nf5 d5 15. g4 c5 16. Rhe1 Nc6 17. g5 Be5 18. f4 Bc7 19. Qf2 Qd7 20. Qh4 g6 21. Nh6+ Kg7 22. Ng4 f5 23. Nf6 Rxf6 24. gxf6+ Kh8 25. Qg5 Rf8 26. h4 Bd8 27. h5 Bxf6 28. Qg3 Qg7 29. hxg6 hxg6 30. Rg1 Ne7 31. Qf2 d4 32. cxd4 Bxd4 33. Bxd4 cxd4 34. Bc4 Bd5 35. Bxd5 Nxd5 36. Qxd4 Qxd4 37. Rxd4 Ne3 38. Rd7 Ng4 39. Rxa7 Kg8 40. Rb7 Rf6 41. Rd1 Rf8 42. Rxb6 Kg7 43. Rb7+ Rf7 44. Rdd7 Rxd7 45. Rxd7+ 1-0

[Event "HUN-chT2 Szechenyi 1819"]
[Site "Hungary"]
[Date "2019.03.31"]
[Round "8.3"]
[White "Hegedus, Gyula"]
[Black "Rozsa, Peter"]
[Result "1/2-1/2"]
[WhiteElo "2017"]
[BlackElo "2063"]
[PlyCount "98"]
[EventDate "2018.10.28"]
[EventType "team-tourn"]
[EventRounds "9"]
[EventCountry "HUN"]
[SourceTitle "EXT 2021"]
[Source "ChessBase"]
[SourceDate "2020.10.23"]
[SourceVersion "1"]
[SourceVersionDate "2020.10.23"]
[SourceQuality "1"]
[WhiteTeam "Veszprem Ezust Huszar"]
[BlackTeam "Keszthely Spartacus"]
[WhiteTeamCountry "HUN"]
[BlackTeamCountry "HUN"]

1. e4 e6 2. d4 d5 3. Nc3 Nf6 4. e5 Ng8 5. f4 Ne7 6. Nf3 b6 7. Be3 Qd7 8. Bb5 c6 9. Bd3 Ba6 10. a4 Bxd3 11. Qxd3 h5 12. a5 b5 13. Ne2 Nf5 14. Bf2 Na6 15. c3 c5 16. g3 c4 17. Qd2 b4 18. Rg1 b3 19. h3 Be7 20. g4 hxg4 21. hxg4 Nh4 22. Bxh4 Bxh4+ 23. Kf1 Be7 24. Kg2 0-0-0 25. Ng3 g6 26. g5 Rh7 27. Rh1 Rdh8 28. Rxh7 Rxh7 29. Nf1 Nc7 30. a6 Qb5 31. Ne3 Nxa6 32. Ng4 Kb7 33. Nf6 Rh8 34. Nh2 Bxf6 35. exf6 Nb8 36. Ng4 Nc6 37. Nh6 Rh7 38. Qe3 Nd8 39. Qe5 Qd7 40. Kg3 Nc6 41. Qe3 a5 42. Re1 Nd8 43. Ng4 Nc6 44. Qc1 Qc8 45. Qa1 Qh8 46. Nh6 Qf8 47. Qa4 Rxh6 48. Qb5+ Kc7 49. gxh6 Qxh6 1/2-1/2

[Event "HUN-chT2 Szechenyi 1617"]
[Site "Hungary"]
[Date "2017.01.29"]
[Round "7.3"]
[White "Hegedus, Gyula"]
[Black "Martini, Balazs"]
[Result "0-1"]
[WhiteElo "2068"]
[BlackElo "2305"]
[PlyCount "115"]
[EventDate "2016.09.25"]
[EventType "team-tourn"]
[EventRounds "11"]
[EventCountry "HUN"]
[SourceTitle "EXT 2021"]
[Source "ChessBase"]
[SourceDate "2020.10.23"]
[SourceVersion "1"]
[SourceVersionDate "2020.10.23"]
[SourceQuality "1"]
[WhiteTeam "Veszprem Ezust Huszar"]
[BlackTeam "Ajka Banyasz"]
[WhiteTeamCountry "HUN"]
[BlackTeamCountry "HUN"]

1. e4 c5 2. Nf3 Nc6 3. d4 cxd4 4. Nxd4 e5 5. Nf3 Nf6 6. Bg5 Qa5+ 7. Bd2 Qb6 8. Nc3 Bc5 9. Qe2 d6 10. Na4 Qc7 11. Nxc5 dxc5 12. Qe3 Nd4 13. Nxd4 exd4 14. Qg5 0-0 15. f3 Bd7 16. Be2 Qb6 17. b3 Bb5 18. c4 Bc6 19. Bd3 Nd7 20. 0-0 f6 21. Qh4 Ne5 22. Bb1 Rfe8 23. Re1 Qc7 24. f4 Ng6 25. Qg3 Re7 26. e5 fxe5 27. Bxg6 hxg6 28. Rxe5 Rxe5 29. fxe5 Be4 30. Re1 Qc6 31. Qg4 Bf5 32. Qf3 Qxf3 33. gxf3 Kf7 34. h4 Rc8 35. Bg5 Rc6 36. Re2 Ke6 37. Bf4 a6 38. Rd2 b5 39. cxb5 axb5 40. b4 Kd5 41. bxc5 Rxc5 42. Kf2 Rc3 43. Ke2 Kc4 44. Rb2 Ra3 45. Bd2 Bd3+ 46. Kf2 Bf5 47. Ke2 Ra4 48. Be1 Be6 49. Rc2+ Kd5 50. Rb2 Kc5 51. Rc2+ Bc4+ 52. Kd2 Kd5 53. Kc1 Bxa2 54. Rg2 Ra6 55. h5 gxh5 56. Rxg7 Kxe5 57. Bg3+ Kf6 58. Rd7 0-1

[Event "HUN-chT2 Szechenyi 1516"]
[Site "Hungary"]
[Date "2016.03.20"]
[Round "9.4"]
[White "Hegedus, Gyula"]
[Black "Borhy, Marcell Boldizsar"]
[Result "1-0"]
[WhiteElo "1997"]
[BlackElo "1943"]
[PlyCount "133"]
[EventDate "2015.09.13"]
[EventType "team-tourn"]
[EventRounds "11"]
[EventCountry "HUN"]
[SourceTitle "EXT 2017"]
[Source "ChessBase"]
[SourceDate "2016.10.25"]
[SourceVersion "1"]
[SourceVersionDate "2016.10.25"]
[SourceQuality "1"]
[WhiteTeam "Ezust Huszar"]
[BlackTeam "HVSE Infraplan"]
[WhiteTeamCountry "HUN"]
[BlackTeamCountry "HUN"]

1. Nf3 Nf6 2. c4 c5 3. g3 b6 4. Bg2 Bb7 5. 0-0 g6 6. Nc3 Bg7 7. d4 cxd4 8. Nxd4 Bxg2 9. Kxg2 Qc7 10. Ncb5 Qxc4 11. Qb3 Qc8 12. Bf4 Qb7+ 13. e4 Na6 14. Qa3 0-0 15. Qxe7 Rfe8 16. Qa3 Bf8 17. Qf3 Qxe4 18. Qxe4 Nxe4 19. Rfe1 Bc5 20. Rad1 Re7 21. a3 Nf6 22. b4 Rxe1 23. Rxe1 Nxb4 24. axb4 Bxb4 25. Rb1 Bc5 26. Nb3 Bf8 27. Ra1 a5 28. Ra4 Nd5 29. Bd2 Bg7 30. Kf3 f5 31. Ke2 Bf8 32. Kd3 Nb4+ 33. Bxb4 Bxb4 34. Nc7 Rd8 35. Nd5 Be1 36. Ke2 b5 37. Ra1 a4 38. Kxe1 axb3 39. Rb1 Re8+ 40. Kf1 Re5 41. Nf6+ Kg7 42. Nxd7 Rd5 43. Nb8 Rd3 44. Nc6 f4 45. Ke2 Rd6 46. Nb4 fxg3 47. hxg3 Re6+ 48. Kf1 h5 49. Rxb3 h4 50. g4 Re4 51. f3 Re5 52. Kf2 g5 53. Rd3 Kf6 54. Rd6+ Ke7 55. Rb6 Kd7 56. Nd3 Rd5 57. Ke3 Kc7 58. Rh6 Rd7 59. f4 gxf4+ 60. Nxf4 Kb7 61. g5 Rg7 62. g6 Kc6 63. Ke4 Kd6 64. Kf5 b4 65. Rxh4 b3 66. Nd3 Ke7 67. Rb4 1-0

[Event "HUN-chT2 Asztalos 1415"]
[Site "Hungary"]
[Date "2014.10.12"]
[Round "1"]
[White "Babits, Andras"]
[Black "Hegedus, Gyula"]
[Result "1-0"]
[WhiteElo "2084"]
[BlackElo "2020"]
[PlyCount "67"]
[EventDate "2014.10.12"]
[EventType "team-tourn"]
[EventRounds "9"]
[EventCountry "HUN"]
[SourceTitle "EXT 2016"]
[Source "ChessBase"]
[SourceDate "2015.10.08"]
[SourceVersion "1"]
[SourceVersionDate "2015.10.08"]
[SourceQuality "1"]
[WhiteTeam "Marcali"]
[BlackTeam "Peti MTE"]
[WhiteTeamCountry "HUN"]
[BlackTeamCountry "HUN"]

1. e4 e5 2. Bc4 Nf6 3. d3 c6 4. Nf3 d6 5. Nc3 Be7 6. 0-0 b5 7. Bb3 0-0 8. Ne2 Nbd7 9. c3 d5 10. Ng3 dxe4 11. dxe4 Qc7 12. Qe2 Nc5 13. Bc2 Be6 14. b3 a5 15. Ng5 Rfd8 16. Be3 Nfd7 17. Nxe6 Nxe6 18. Nf5 Bf8 19. Qg4 Nf6 20. Qf3 Rd7 21. g3 Rad8 22. h4 b4 23. cxb4 axb4 24. Rac1 Ne8 25. h5 Nd6 26. Bb1 Nb5 27. Kg2 Nbd4 28. Qg4 Kh8 29. Rc4 c5 30. Bc1 Nb5 31. Ne3 Nc3 32. Bb2 Nxb1 33. Rxb1 f6 34. Qxe6 1-0

[Event "HUN-chT2 Charousek 1213"]
[Site "Hungary"]
[Date "2012.11.04"]
[Round "3"]
[White "Hegedus, Gyula"]
[Black "Papp, Judit"]
[Result "1/2-1/2"]
[WhiteElo "2094"]
[BlackElo "2133"]
[PlyCount "109"]
[EventDate "2012.09.16"]
[EventType "team-tourn"]
[EventRounds "11"]
[EventCountry "HUN"]
[SourceTitle "EXT 2014"]
[Source "ChessBase"]
[SourceDate "2013.11.20"]
[SourceVersion "1"]
[SourceVersionDate "2013.11.20"]
[SourceQuality "1"]
[WhiteTeam "Balatonfuered"]
[BlackTeam "Paks II"]
[WhiteTeamCountry "HUN"]
[BlackTeamCountry "HUN"]

1. e4 c5 2. Nf3 e6 3. Nc3 a6 4. d4 cxd4 5. Nxd4 b5 6. Be2 Bb7 7. Bf3 Qc7 8. 0-0 Nc6 9. Nxc6 Bxc6 10. Re1 Bd6 11. a4 b4 12. Nd5 Bxd5 13. exd5 Rc8 14. Qd3 Ne7 15. Qxa6 Bxh2+ 16. Kh1 0-0 17. c3 Nf5 18. cxb4 Bd6 19. Bd2 Qd8 20. g3 Nxg3+ 21. fxg3 Bxg3 22. Re2 exd5 23. Kg2 Rc6 24. Qxc6 dxc6 25. Kxg3 Qd6+ 26. Bf4 Qxb4 27. a5 h6 28. a6 Ra8 29. a7 Qb7 30. Bb8 Rxb8 31. axb8Q+ Qxb8+ 32. Kg2 Qf4 33. Ra7 Qg5+ 34. Kh3 Qf5+ 35. Bg4 Qf1+ 36. Kh2 Qf4+ 37. Kh3 d4 38. Re8+ Kh7 39. Ree7 Qf1+ 40. Kg3 Qg1+ 41. Kf4 Qf2+ 42. Bf3 Qh4+ 43. Ke5 Qg3+ 44. Ke4 f5+ 45. Kxd4 Qxf3 46. Rxg7+ Kh8 47. Rgb7 Qd5+ 48. Kc3 Qc5+ 49. Kb3 Qd5+ 50. Ka3 Qc5+ 51. Ka2 Qc4+ 52. b3 Qc2+ 53. Ka3 Qc5+ 54. Ka4 Qd4+ 55. Ka3 1/2-1/2

[Event "Balatonalmadi Pannonia Cup 17th"]
[Site "Balatonalmadi"]
[Date "2012.07.29"]
[Round "7"]
[White "Fur, Katinka"]
[Black "Hegedus, Gyula"]
[Result "0-1"]
[WhiteElo "2036"]
[BlackElo "2118"]
[PlyCount "118"]
[EventDate "2012.07.25"]
[EventType "swiss"]
[EventRounds "7"]
[EventCountry "HUN"]
[SourceTitle "EXT 2016"]
[Source "ChessBase"]
[SourceDate "2015.10.08"]
[SourceVersion "1"]
[SourceVersionDate "2015.10.08"]
[SourceQuality "1"]

1. d4 g6 2. Nf3 Bg7 3. g3 c5 4. c3 b6 5. Bg2 Bb7 6. 0-0 Nf6 7. Qb3 Nc6 8. Ng5 0-0 9. d5 Na5 10. Qd1 d6 11. e4 Ba6 12. Re1 Nd7 13. f4 c4 14. b4 cxb3 15. axb3 Qc8 16. Qc2 Nc5 17. Ra3 Nd3 18. Re3 Bd4 19. Nf3 Bc5 20. Ra2 Nxc1 21. Qxc1 Nxb3 22. Qe1 Bd3 23. Rb2 Bxb1 24. Rxb1 Bxe3+ 25. Qxe3 Qc5 26. Nd4 Nxd4 27. cxd4 Qc2 28. Rc1 Qb2 29. e5 Rac8 30. Rc6 a5 31. Bh3 Qb1+ 32. Bf1 a4 33. Qc3 Rb8 34. Rc7 a3 35. Qxa3 Ra8 36. Qd3 Qb2 37. Rc2 Qb1 38. Rc7 Qe1 39. Qe2 Qb4 40. Qc4 Qb2 41. Qc3 Qxc3 42. Rxc3 Rfc8 43. Rc6 Rxc6 44. dxc6 d5 45. g4 Kf8 46. f5 Ke8 47. e6 fxe6 48. fxg6 hxg6 49. h4 Kd8 50. Bd3 Ra4 51. Bxg6 Rxd4 52. Bh5 b5 53. Kf2 b4 54. Kf3 b3 55. Bg6 Re4 56. Bxe4 dxe4+ 57. Kxe4 b2 58. h5 b1Q+ 59. Kf4 Qc1+ 0-1

[Event "HUN-chT2 Charousek 1112"]
[Site "Hungary"]
[Date "2012.05.06"]
[Round "10"]
[White "Fehervari, Istvan"]
[Black "Hegedus, Gyula"]
[Result "0-1"]
[WhiteElo "1999"]
[BlackElo "2108"]
[PlyCount "98"]
[EventDate "2011.09.25"]
[EventType "team-tourn"]
[EventRounds "11"]
[EventCountry "HUN"]
[SourceTitle "EXT 2013"]
[Source "ChessBase"]
[SourceDate "2012.11.22"]
[SourceVersion "1"]
[SourceVersionDate "2012.11.22"]
[SourceQuality "1"]
[WhiteTeam "Fehervar"]
[BlackTeam "Balatonfuered"]
[WhiteTeamCountry "HUN"]
[BlackTeamCountry "HUN"]

1. d4 Nf6 2. Nf3 e6 3. e3 b6 4. Bd3 Bb7 5. Nbd2 c5 6. 0-0 d6 7. b3 cxd4 8. exd4 Nd5 9. Ne4 Nb4 10. Re1 Nxd3 11. Qxd3 Nd7 12. Bg5 Qc7 13. c4 h6 14. Bf4 Be7 15. Rac1 0-0 16. Nfd2 e5 17. dxe5 dxe5 18. Nc3 Ba3 19. Be3 Bxc1 20. Rxc1 Rad8 21. Qf5 Nf6 22. Nf3 Bxf3 23. Qxf3 Qe7 24. h3 e4 25. Qg3 Rd3 26. Qf4 Re8 27. Nb5 Red8 28. Nc3 Qa3 29. Rc2 Qe7 30. g3 Qe6 31. Qh4 Kh7 32. Nd5 Nxd5 33. cxd5 Qxd5 34. Kg2 Qf5 35. Qf4 Qxf4 36. Bxf4 g5 37. Be3 Kg6 38. Rc4 f5 39. Rc6+ R8d6 40. Rc7 Rd7 41. Rc6+ R3d6 42. Rc8 Rf7 43. Rc4 f4 44. gxf4 gxf4 45. Bc1 Kf5 46. Bb2 e3 47. Kf3 exf2 48. Rc1 Rd2 49. Bc3 f1Q+ 0-1

[Event "HUN-chT2 Charousek 1011"]
[Site "Hungary"]
[Date "2011.04.10"]
[Round "8"]
[White "Hegedus, Gyula"]
[Black "Palkovics, Laszlo"]
[Result "1-0"]
[WhiteElo "2120"]
[BlackElo "1947"]
[PlyCount "99"]
[EventDate "2010.09.12"]
[EventType "team-tourn"]
[EventRounds "11"]
[EventCountry "HUN"]
[SourceTitle "EXT 2012"]
[Source "ChessBase"]
[SourceDate "2011.11.24"]
[SourceVersion "1"]
[SourceVersionDate "2011.11.24"]
[SourceQuality "1"]
[WhiteTeam "Balatonfuered"]
[BlackTeam "Husi"]
[WhiteTeamCountry "HUN"]
[BlackTeamCountry "HUN"]

1. Nf3 Nf6 2. c4 c5 3. g3 Nc6 4. Bg2 g6 5. 0-0 Bg7 6. Nc3 0-0 7. d3 d6 8. a3 a6 9. Rb1 Rb8 10. Ne1 Bd7 11. Nc2 e6 12. Bf4 Ne8 13. Ne4 e5 14. Bg5 f6 15. Bd2 h6 16. Nc3 Nc7 17. Ne3 Ne7 18. Ncd5 Ncxd5 19. Nxd5 Be6 20. e4 Kh7 21. Qa4 Nxd5 22. cxd5 Bd7 23. Qc2 b5 24. Rfc1 Qb6 25. b4 Rfc8 26. bxc5 dxc5 27. Be3 Bf8 28. f4 Qd6 29. Qf2 Rb7 30. h4 h5 31. f5 gxf5 32. exf5 Rbc7 33. Qe2 Be8 34. Kh2 c4 35. d4 Rg7 36. Bf3 Qxa3 37. dxe5 fxe5 38. Be4 Kg8 39. Bg5 Be7 40. Ra1 Qd6 41. Qe3 Bf6 42. Rg1 c3 43. g4 hxg4 44. Bh6 g3+ 45. Rxg3 Rxg3 46. Qxg3+ Kh8 47. Rg1 Bf7 48. Bg7+ Kh7 49. Qe3 Bxg7 50. f6+ 1-0

[Event "HUN-chT2 Charousek 1011"]
[Site "Hungary"]
[Date "2010.10.10"]
[Round "3"]
[White "Toth, Gergely"]
[Black "Hegedus, Gyula"]
[Result "1-0"]
[WhiteElo "2131"]
[BlackElo "2120"]
[PlyCount "63"]
[EventDate "2010.09.12"]
[EventType "team-tourn"]
[EventRounds "11"]
[EventCountry "HUN"]
[SourceTitle "EXT 2012"]
[Source "ChessBase"]
[SourceDate "2011.11.24"]
[SourceVersion "1"]
[SourceVersionDate "2011.11.24"]
[SourceQuality "1"]
[WhiteTeam "Paks II"]
[BlackTeam "Balatonfuered"]
[WhiteTeamCountry "HUN"]
[BlackTeamCountry "HUN"]

1. e4 c5 2. Nf3 e6 3. d4 cxd4 4. Nxd4 Nf6 5. Nc3 d6 6. g4 Nc6 7. Be3 d5 8. g5 Nxe4 9. Nxe4 dxe4 10. Nxc6 Qxd1+ 11. Rxd1 bxc6 12. Bg2 Rb8 13. Bxe4 Bd7 14. b3 h6 15. gxh6 g6 16. Bxa7 Ra8 17. Bd4 Rxh6 18. a4 f5 19. Bg2 Bb4+ 20. Ke2 Ra5 21. f4 Rh4 22. Bb6 Ra6 23. Bf2 Rh7 24. Rd3 e5 25. fxe5 Re7 26. Rhd1 Rxe5+ 27. Kf1 Re7 28. c3 Ba5 29. Bc5 Rh7 30. h3 Be6 31. Re3 Kf7 32. Rd6 1-0

[Event "HUN-chT2 Szechenyi 0910"]
[Site "Hungary"]
[Date "2009.12.20"]
[Round "4.7"]
[White "Varga, Tibor"]
[Black "Hegedus, Gyula"]
[Result "1-0"]
[WhiteElo "2079"]
[BlackElo "2124"]
[PlyCount "55"]
[EventDate "2009.11.08"]
[EventType "team-tourn"]
[EventRounds "11"]
[EventCountry "HUN"]
[SourceTitle "EXT 2011"]
[Source "ChessBase"]
[SourceDate "2010.11.26"]
[SourceVersion "1"]
[SourceVersionDate "2010.11.26"]
[SourceQuality "1"]
[WhiteTeam "HVSE Infraplan"]
[BlackTeam "BSC"]
[WhiteTeamCountry "HUN"]
[BlackTeamCountry "HUN"]

1. e4 c5 2. Nf3 e6 3. b3 Nf6 4. e5 Nd5 5. c4 Ne7 6. Bb2 Nbc6 7. h4 Qc7 8. h5 Nf5 9. Na3 Nfd4 10. Nb5 Nxb5 11. cxb5 Nb4 12. Ng5 Be7 13. Ne4 b6 14. h6 Qb7 15. d3 g6 16. Be2 a6 17. Bf3 Nd5 18. a4 axb5 19. axb5 Ra5 20. d4 Rxb5 21. Nc3 Nxc3 22. Bxc3 Qc7 23. d5 exd5 24. Qxd5 0-0 25. 0-0 d6 26. Qc4 Rb4 27. Bxb4 cxb4 28. Qxc7 1-0

[Event "HUN-chT2 Breyer 0809"]
[Site "Hungary"]
[Date "2009.04.19"]
[Round "11"]
[White "Szinavel, Zsolt"]
[Black "Hegedus, Gyula"]
[Result "1/2-1/2"]
[WhiteElo "2145"]
[BlackElo "2121"]
[PlyCount "129"]
[EventDate "2008.10.26"]
[EventType "team-tourn"]
[EventRounds "11"]
[EventCountry "HUN"]
[SourceTitle "EXT 2010"]
[Source "ChessBase"]
[SourceDate "2010.11.25"]
[SourceVersion "1"]
[SourceVersionDate "2010.11.25"]
[SourceQuality "1"]
[WhiteTeam "Kisber Aszar"]
[BlackTeam "Balatonfuered"]
[WhiteTeamCountry "HUN"]
[BlackTeamCountry "HUN"]

1. e4 c5 2. d4 cxd4 3. c3 d3 4. Bxd3 d6 5. h3 Nf6 6. Nf3 Nbd7 7. Qe2 Nc5 8. Bc2 e6 9. c4 Be7 10. Nc3 0-0 11. 0-0 a6 12. Rd1 Qc7 13. Bf4 e5 14. Bg5 Be6 15. Bxf6 Bxf6 16. Nd5 Bxd5 17. cxd5 Rfc8 18. Qd2 Qb6 19. b3 Rc7 20. Rac1 Rac8 21. Bb1 h6 22. Qe3 Qa5 23. h4 b5 24. g3 Nd7 25. Rxc7 Qxc7 26. Kg2 Bd8 27. Qd2 Nf6 28. Nh2 Qc5 29. Qe2 Bb6 30. Bd3 Qa3 31. Qd2 Ba5 32. Qe2 Bb4 33. Kh3 Bc3 34. Bb1 Bd4 35. Kg2 Ne8 36. Nf3 Bb6 37. Nh2 Rc5 38. Bd3 Nc7 39. Nf1 Rc1 40. Rxc1 Qxc1 41. Qc2 Qe1 42. Qd2 Qa1 43. Qc2 Qe1 44. Qd2 Qxd2 45. Nxd2 Kf8 46. g4 Ke7 47. Nf1 Kd7 48. Kf3 Ne8 49. Ke2 h5 50. f3 Bd8 51. g5 g6 52. Kf2 f6 53. gxf6 Bxf6 54. Kg3 Kc7 55. Ne3 Kb6 56. Nc2 a5 57. Be2 Nc7 58. Bf1 Na6 59. Bh3 Kc5 60. Bd7 Nb4 61. Nxb4 Kxb4 62. a4 Kxb3 63. Bxb5 g5 64. hxg5 Bxg5 65. Be8 1/2-1/2

[Event "Veszprem Hemo op"]
[Site "Veszprem"]
[Date "2008.08.18"]
[Round "4"]
[White "Hegedus, Gyula"]
[Black "Urhegyi, Marton"]
[Result "1/2-1/2"]
[WhiteElo "2160"]
[BlackElo "1689"]
[PlyCount "43"]
[EventDate "2008.08.16"]
[EventType "swiss"]
[EventRounds "7"]
[EventCountry "HUN"]
[SourceTitle "EXT 2011"]
[Source "ChessBase"]
[SourceDate "2010.11.26"]
[SourceVersion "1"]
[SourceVersionDate "2010.11.26"]
[SourceQuality "1"]

1. e4 e5 2. f4 Bc5 3. Nf3 d6 4. c3 Bg4 5. h3 Bxf3 6. Qxf3 Nf6 7. d3 Nbd7 8. g4 exf4 9. d4 Bb6 10. Bxf4 Qe7 11. Nd2 h6 12. 0-0-0 g5 13. Bg3 0-0-0 14. Bg2 c6 15. Rhe1 Nh7 16. Nc4 Bc7 17. e5 dxe5 18. Nxe5 Nxe5 19. Bxe5 Bxe5 20. Rxe5 Qd7 21. Rde1 Rhe8 22. Rxe8 1/2-1/2

[Event "HUN-chT2 Breyer 0506"]
[Site "Hungary"]
[Date "2006.02.26"]
[Round "8"]
[White "Hegedus, Gyula"]
[Black "Szabo, Lajos"]
[Result "1-0"]
[WhiteElo "2170"]
[BlackElo "2072"]
[PlyCount "43"]
[EventDate "2005.10.16"]
[EventType "team"]
[EventRounds "11"]
[EventCountry "HUN"]
[SourceTitle "EXT 2009"]
[Source "ChessBase"]
[SourceDate "2008.11.26"]
[SourceVersion "1"]
[SourceVersionDate "2008.11.26"]
[SourceQuality "1"]
[WhiteTeam "Balatonfuered"]
[BlackTeam "Zoltek"]
[WhiteTeamCountry "HUN"]
[BlackTeamCountry "HUN"]

1. e4 e5 2. Nf3 Nc6 3. d4 exd4 4. Bc4 Be7 5. c3 Na5 6. Bd3 d6 7. cxd4 Nc6 8. Bb5 Bd7 9. Nc3 a6 10. Ba4 h6 11. Qe2 b5 12. Bc2 Bg4 13. Be3 Bg5 14. h3 Bxe3 15. Qxe3 Nb4 16. Bb3 Bd7 17. a3 Nc6 18. 0-0 Nge7 19. Nh4 Na5 20. Ba2 0-0 21. f4 c6 22. f5 1-0

[Event "HUN-chT2 Breyer 0506"]
[Site "Hungary"]
[Date "2005.12.04"]
[Round "5"]
[White "Huszar, Richard"]
[Black "Hegedus, Gyula"]
[Result "0-1"]
[WhiteElo "1962"]
[BlackElo "2170"]
[PlyCount "96"]
[EventDate "2005.10.16"]
[EventType "team"]
[EventRounds "11"]
[EventCountry "HUN"]
[SourceTitle "EXT 2009"]
[Source "ChessBase"]
[SourceDate "2008.11.26"]
[SourceVersion "1"]
[SourceVersionDate "2008.11.26"]
[SourceQuality "1"]
[WhiteTeam "Kisber Aszar"]
[BlackTeam "Balatonfuered"]
[WhiteTeamCountry "HUN"]
[BlackTeamCountry "HUN"]

1. d4 Nf6 2. Nc3 d6 3. e4 c6 4. Bg5 Qb6 5. Rb1 Be6 6. f4 d5 7. f5 Bc8 8. e5 Ne4 9. Nxe4 dxe4 10. g4 h5 11. Bh3 Qa5+ 12. c3 Qxa2 13. Qc2 Qd5 14. Rd1 hxg4 15. Bxg4 g6 16. c4 Qa5+ 17. Bd2 Qa2 18. Qxe4 Rh4 19. Qf3 Qxc4 20. Bg5 Rxg4 21. Qxg4 Bxf5 22. Qg3 Na6 23. Ne2 Nb4 24. Qc3 Nd3+ 25. Kf1 Qd5 26. Rxd3 Qxh1+ 27. Ng1 Bxd3+ 28. Qxd3 Qxh2 29. Qb3 0-0-0 30. Qxf7 Qxb2 31. Bxe7 Bxe7 32. Qxe7 Qb5+ 33. Kf2 Rxd4 34. Qe8+ Kc7 35. Nf3 Rf4 36. Kg3 Rf5 37. Qxg6 Rxf3+ 38. Kxf3 Qxe5 39. Qf7+ Kb6 40. Qb3+ Qb5 41. Qe3+ c5 42. Kg3 a5 43. Qe6+ Qc6 44. Qb3+ Ka6 45. Qc4+ Ka7 46. Kf2 Qb6 47. Ke3 Qb4 48. Qc1 a4 0-1

[Event "Ajka Borostyan Cup"]
[Site "Ajka"]
[Date "2005.07.10"]
[Round "9"]
[White "Hegedus, Gyula"]
[Black "Marchis, Arghil"]
[Result "1-0"]
[WhiteElo "2170"]
[BlackElo "2147"]
[PlyCount "97"]
[EventDate "2005.07.02"]
[EventType "swiss"]
[EventRounds "9"]
[EventCountry "HUN"]
[SourceTitle "EXT 2008"]
[Source "ChessBase"]
[SourceDate "2007.11.25"]
[SourceVersion "1"]
[SourceVersionDate "2007.11.25"]
[SourceQuality "1"]

1. e4 e5 2. Nf3 Nc6 3. Bb5 Bc5 4. 0-0 Nd4 5. Nxd4 Bxd4 6. c3 Bb6 7. d4 c6 8. Ba4 Qf6 9. Be3 Bc7 10. Nd2 b5 11. Bb3 Ne7 12. f4 exd4 13. cxd4 d5 14. Qf3 Qd6 15. e5 Qg6 16. Rac1 Bb6 17. h3 h5 18. Kh2 Bf5 19. Qf2 Bd3 20. Rfd1 0-0 21. Nf3 Be4 22. Nh4 Qe6 23. Qe2 g6 24. Bc2 Rac8 25. Rg1 Kg7 26. Bxe4 dxe4 27. g4 hxg4 28. hxg4 Rh8 29. Kg3 Qxa2 30. f5 Nd5 31. f6+ Kf8 32. Rh1 Qb3 33. Nxg6+ fxg6 34. Rxh8+ Kf7 35. Rxc8 Bxd4 36. R8xc6 Bxe3 37. R1c3 Bf4+ 38. Kg2 Nxc3 39. Rxc3 Qd5 40. Rc7+ Ke8 41. Re7+ Kf8 42. e6 e3+ 43. Kg1 Qc5 44. Rh7 Kg8 45. Rg7+ Kh8 46. e7 Qc8 47. Qf3 Bh6 48. e8R+ Qxe8 49. Qh3 1-0

[Event "Ajka Borostyan Cup"]
[Site "Ajka"]
[Date "2005.07.07"]
[Round "6"]
[White "Domonkos, Jozsef"]
[Black "Hegedus, Gyula"]
[Result "1-0"]
[WhiteElo "1688"]
[BlackElo "2170"]
[PlyCount "32"]
[EventDate "2005.07.02"]
[EventType "swiss"]
[EventRounds "9"]
[EventCountry "HUN"]
[SourceTitle "EXT 2008"]
[Source "ChessBase"]
[SourceDate "2007.11.25"]
[SourceVersion "1"]
[SourceVersionDate "2007.11.25"]
[SourceQuality "1"]

1. d4 Nf6 2. c4 g6 3. Nc3 Bg7 4. e4 0-0 5. e5 Ne8 6. Be3 c5 7. f4 cxd4 8. Bxd4 Nc6 9. Bf2 d6 10. Nf3 Qa5 11. Qd5 Be6 12. Qxa5 Nxa5 13. Nd5 Nc6 14. Bh4 f6 15. exf6 Nxf6 16. Nc7 Ng4 1-0

[Event "Ajka Borostyan Cup"]
[Site "Ajka"]
[Date "2005.07.06"]
[Round "5"]
[White "Hegedus, Gyula"]
[Black "Farkas, Gyula"]
[Result "1/2-1/2"]
[WhiteElo "2170"]
[BlackElo "2215"]
[PlyCount "95"]
[EventDate "2005.07.02"]
[EventType "swiss"]
[EventRounds "9"]
[EventCountry "HUN"]
[SourceTitle "EXT 2008"]
[Source "ChessBase"]
[SourceDate "2007.11.25"]
[SourceVersion "1"]
[SourceVersionDate "2007.11.25"]
[SourceQuality "1"]

1. e4 c5 2. Nc3 Nc6 3. Nf3 g6 4. d4 cxd4 5. Nxd4 Bg7 6. Nb3 Nf6 7. Be2 0-0 8. 0-0 a6 9. Re1 b5 10. Bf1 d6 11. Bg5 h6 12. Bh4 Bb7 13. a4 b4 14. Nd5 g5 15. Bg3 Nd7 16. Qh5 e6 17. Ne3 Nce5 18. Rad1 Nf6 19. Qe2 Nxe4 20. Bxe5 Bxe5 21. Nc4 Bd5 22. Nxe5 dxe5 23. f3 Qb6+ 24. Qe3 Qxe3+ 25. Rxe3 Nd6 26. Rxe5 f6 27. Ree1 Nb7 28. Rd4 a5 29. Bc4 Bxc4 30. Rxc4 Rac8 31. Nd2 e5 32. Re2 Kg7 33. Rxc8 Rxc8 34. Nb3 Kf7 35. Rd2 Ke6 36. g4 h5 37. h3 h4 38. Kf2 Rc6 39. Ke2 Rc7 40. Kd1 Nc5 41. Nxc5+ Rxc5 42. Rd3 f5 43. Kd2 fxg4 44. fxg4 e4 45. Rd8 Rd5+ 46. Rxd5 Kxd5 47. Ke3 Ke5 48. c4 1/2-1/2